000 00277nam a2200097Ia 4500
008 180116s9999 xx 000 0 und d
020 _a9780415895323
245 _cLea Prevel Katsanis
_aGlobal Issues in Pharmacuetical Marketing
260 _bRoutledge
_c2016
300 _a178 pages
999 _c353252
_d353252